00573nam a2200145Ia 4500008004100000024004800041082001800089100006400107245004700171260002600218600002100244650003800265856010700303999001700410260210s9999 xx 000 0 und d a15B-002-CS, 15B-035-CS & 15B-036-CS a004.39072 TAH aTaha Tauqeer, Taimur Rafiq & Muhammad Tufail Ahmed Khan 0aWeb Portal for Hidayah Academy (CODE BOOK) aKarachi:bUITU,c2015 aComputer Science aBachelor of Computer Science (BS) uhttps://drive.google.com/file/d/1x-XTZO0r5KO8TJo7uQ1YrFiaotU0OJH7/view?usp=sharingyClick here for PDF c32325d32325